LIBRARY & INFORMATION CENTRE, KCAET, TAVANUR

ONLINE PUBLIC ACCESS CATALOGUE (OPAC)

Soil mechanics and foundation engineering / (Record no. 7097)

MARC details
000 -LEADER
fixed length control field 00454cam a2200169ua 4500
041 ## - LANGUAGE CODE
Language code of text/sound track or separate title eng
082 ## - DEWEY DECIMAL CLASSIFICATION NUMBER
Classification number 028.71624
Item number RAM/SO
100 ## - MAIN ENTRY--AUTHOR NAME
Personal name Ramaih, B K .
245 ## - TITLE STATEMENT
Title Soil mechanics and foundation engineering /
250 ## - EDITION STATEMENT
Edition statement 1 /
260 ## - PUBLICATION, DISTRIBUTION, ETC. (IMPRINT)
Place of publication New Delhi :
Name of publisher Oxford & IBH Publishing company ,
Year of publication 1981.
300 ## - PHYSICAL DESCRIPTION
Number of Pages 672 ; .
700 1# - ADDED ENTRY--PERSONAL NAME
Personal name Chickanagappa, L S .
942 ## - ADDED ENTRY ELEMENTS (KOHA)
Koha item type Books
Holdings
Withdrawn status Lost status Damaged status Home library Current library Date acquired Full call number Accession Number Koha item type
      KAUAET   19/08/1986 028.71624 15326 Books
free website counter